| 000 | 00459nam a2200169Ia 4500 | ||
|---|---|---|---|
| 003 | OSt | ||
| 005 | 20260316144921.0 | ||
| 008 | 211028s2016 xx 000 0 und d | ||
| 040 | _cAIMIT LIBRARY | ||
| 041 | _aeng | ||
| 100 |
_aM P, Anoop; R, Manimozhi _g131708 _94593 |
||
| 110 |
_aRuban S _94594 |
||
| 245 | _aFinancial Asset Management System / | ||
| 260 |
_aMangalore _c2016 |
||
| 710 |
_aMaventic Innovative solutions Pvt Ltd _94595 |
||
| 942 |
_2ddc _cPRO |
||
| 999 |
_c217622 _d217622 |
||